Statistiques concernant les races de chevaux

Cliquez ici pour prendre le quiz!

Statistiques générales

  • Ce quiz a été pris 82 fois
  • Le résultat moyen est 8 sur 15

Statistiques - réponses

Answer % Correct
pur sang arabe
89%
appaloosa
72%
shire
72%
mustang
72%
shetland
69%
fjord
69%
camargue
69%
haflinger
63%
paint horse
48%
pur sang anglais
47%
clydesdale
31%
andalou
28%
anglo arabe
27%
akhal téké
13%
cob normand
9%

Distribution des résultats

Percentile par nombre de réponses

% des personnes avec chaque résultat

Votre développement - résultats

Vous n’avez pas pris ce quiz